Surgery of Conotruncal Anomalies

This book addresses the most technically demanding cardiac surgical techniques, many of which are often performed on small infants. Conotruncal heart defects are a group of congenital anomalies of the cardiovascular system that are a leading cause of symptomatic cyanotic cardiac disease diagnosed in...

Πλήρης περιγραφή

Λεπτομέρειες βιβλιογραφικής εγγραφής
Συγγραφή απο Οργανισμό/Αρχή: SpringerLink (Online service)
Άλλοι συγγραφείς: Lacour-Gayet, Francois (Επιμελητής έκδοσης), Bove, Edward L. (Επιμελητής έκδοσης), Hraška, Viktor (Επιμελητής έκδοσης), Morell, Victor O. (Επιμελητής έκδοσης), Spray, Thomas L. (Επιμελητής έκδοσης)
Μορφή: Ηλεκτρονική πηγή Ηλ. βιβλίο
Γλώσσα:English
Έκδοση: Cham : Springer International Publishing : Imprint: Springer, 2016.
Θέματα:
Διαθέσιμο Online:Full Text via HEAL-Link
LEADER 03467nam a22004935i 4500
001 978-3-319-23057-3
003 DE-He213
005 20160329122837.0
007 cr nn 008mamaa
008 160329s2016 gw | s |||| 0|eng d
020 |a 9783319230573  |9 978-3-319-23057-3 
024 7 |a 10.1007/978-3-319-23057-3  |2 doi 
040 |d GrThAP 
050 4 |a RD597-598.7 
072 7 |a MNH  |2 bicssc 
072 7 |a MED085040  |2 bisacsh 
072 7 |a MED010000  |2 bisacsh 
082 0 4 |a 617.412  |2 23 
245 1 0 |a Surgery of Conotruncal Anomalies  |h [electronic resource] /  |c edited by Francois Lacour-Gayet, Edward L. Bove, Viktor Hraška, Victor O. Morell, Thomas L. Spray. 
264 1 |a Cham :  |b Springer International Publishing :  |b Imprint: Springer,  |c 2016. 
300 |a XVII, 627 p. 290 illus., 186 illus. in color.  |b online resource. 
336 |a text  |b txt  |2 rdacontent 
337 |a computer  |b c  |2 rdamedia 
338 |a online resource  |b cr  |2 rdacarrier 
347 |a text file  |b PDF  |2 rda 
505 0 |a Preface -- Definition -- Embryology-Genetics -- Anatomo-Pathology -- Echocardiography -- Classification -- STS-EACTS Registries Data -- Fallot: Transventricular Repair -- Fallot: Transatrial Repair -- Fallot: Pulmonary valve management -- Pulmonary Atresia MAPCAs -- TGA Arterial switch, Coronary Transfer -- TGA-VSD, Taussig Bing . Arterial switch -- TGA with Aortic Arch Obstruction -- TGA-IVS and TGA-VSD  seen late -- TGA-VSD-PS, Rastelli -- TGA-VSD-PS, REV.- TGA-VSD-PS, Dream -- TGA-VSD-PS, Aortic translocation -- TGA-VSD-PS,  Double Root Translocation -- Corrected TGA, VSD -- Corrected TGA, VSD, PS -- Corrected TGA, IVS -- DORV,Classification and  Simple forms -- DORV complex: DORV-AVSD -- DORV complex: DORV nc VSD -- DOLV -- Truncus Arteriosus -- Truncus Arteriosus, IAA -- Interrupted Aortic Arch -- Fontan indication -- Generation NeXT. 
520 |a This book addresses the most technically demanding cardiac surgical techniques, many of which are often performed on small infants. Conotruncal heart defects are a group of congenital anomalies of the cardiovascular system that are a leading cause of symptomatic cyanotic cardiac disease diagnosed in utero. Surgery of Conotruncal Anomalies provides a wealth of practical information and has been written by a collection of world renowned experts. They discuss the most challenging but life-changing surgeries which, if performed perfectly, allow the child to lead a normal adult life in the majority of cases. This book and the large number of truly stunning explanatory illustrations contained within is an essential resource for junior surgeons as well as trainees and practicing cardiac surgeons, pediatric cardiologists and surgeons, and cardiac imagers, to be used as a critical reference when performing these complex cases. 
650 0 |a Medicine. 
650 0 |a Pediatrics. 
650 0 |a Cardiac surgery. 
650 1 4 |a Medicine & Public Health. 
650 2 4 |a Cardiac Surgery. 
650 2 4 |a Pediatrics. 
700 1 |a Lacour-Gayet, Francois.  |e editor. 
700 1 |a Bove, Edward L.  |e editor. 
700 1 |a Hraška, Viktor.  |e editor. 
700 1 |a Morell, Victor O.  |e editor. 
700 1 |a Spray, Thomas L.  |e editor. 
710 2 |a SpringerLink (Online service) 
773 0 |t Springer eBooks 
776 0 8 |i Printed edition:  |z 9783319230566 
856 4 0 |u http://dx.doi.org/10.1007/978-3-319-23057-3  |z Full Text via HEAL-Link 
912 |a ZDB-2-SME 
950 |a Medicine (Springer-11650)